Hodnotenie kvality služieb medzinárodných osobných leteckých dopravcov bakalárska práca

Uložené v:
Podrobná bibliografia
Hlavný autor: Pásztorová, Orsolya
Korporativný autor: Obchodná fakulta EU. Katedra služieb a cestovného ruchu - zrušené
Ďalší autori: Frasch, Alexander, 1992-
Médium: Kniha
Jazyk:Slovak
Vydavateľské údaje: Bratislava 2020
Tagy: Pridať tag
Žiadne tagy, Buďte prvý, kto otaguje tento záznam!

MARC

LEADER 00000nbm a2200000 4500
001 0266554
005 20201202082015.7
041 0 |a slo 
044 |a SK 
245 1 0 |a Hodnotenie kvality služieb medzinárodných osobných leteckých dopravcov  |b bakalárska práca  |c Orsolya Pásztorová ; školiteľ: Alexander Frasch 
264 1 |a Bratislava  |c 2020 
300 |a 60 s. 
100 1 |a Pásztorová, Orsolya 
700 1 |a Frasch, Alexander, 1992- 
710 2 |a Obchodná fakulta EU. Katedra služieb a cestovného ruchu - zrušené